Las normas internacionales de aseguramiento de la calidad (Registro nro. 3199)
[ vista simple ]
| 000 -LEADER | |
|---|---|
| fixed length control field | 01363 a2200229 4500 |
| 001 - CONTROL NUMBER | |
| control field | 40354 |
| 005 - DATE AND TIME OF LATEST TRANSACTION | |
| control field | 20260407155657.0 |
| 008 - FIXED-LENGTH DATA ELEMENTS--GENERAL INFORMATION | |
| fixed length control field | 260407a arg spa d |
| 003 - CONTROL NUMBER IDENTIFIER | |
| control field | AR-UNSa-BCEJYS |
| 040 ## - CATALOGING SOURCE | |
| Original cataloging agency | AR-UNSa-BCEJYS |
| Language of cataloging | spa |
| Transcribing agency | AR-UNSa-BCEJYS |
| 080 ## - UNIVERSAL DECIMAL CLASSIFICATION NUMBER | |
| Universal Decimal Classification number | 658.56 |
| Common auxiliary subdivision | Control de la calidad. Control de herramientas y material |
| 020 ## - INTERNATIONAL STANDARD BOOK NUMBER | |
| International Standard Book Number | 950-43-6830-1 |
| 041 ## - LANGUAGE CODE | |
| Language code of text/sound track or separate title | spa |
| 100 1# - MAIN ENTRY--PERSONAL NAME | |
| Personal name | Castagnet, Juan C. |
| 245 10 - TITLE STATEMENT | |
| Title | Las normas internacionales de aseguramiento de la calidad |
| Name of part/section of a work | su aplicación en la Argentina |
| 264 #1 - PRODUCTION, PUBLICATION, DISTRIBUTION, MANUFACTURE, AND COPYRIGHT NOTICE | |
| Place of production, publication, distribution, manufacture | Bahía Blanca : |
| Name of producer, publisher, distributor, manufacturer | Universidad Nacional del Sur |
| 300 ## - PHYSICAL DESCRIPTION | |
| Extent | 107 p. |
| Dimensions | 21 cm. |
| 505 ## - FORMATTED CONTENTS NOTE | |
| Formatted contents note | 1. Introducción - 2. Qué es la ISO y cómo se generan sus normas - 3. Antecedentes de las normas ISO SERIE 9000 - 4. Qué es el sistema de la calidad - 5. Plan de acción - 6. El compromiso de la alta administración - 7. Auditorias del sistema de la calidad - 8. Certificación y registro de empresas con sistema de calidad asegurada - 9. Las normas ISO SERIE 9000 y su aplicación en la República Argentina - 10. Criterios para seleccionar el tipo de registro - 11. Criterios para seleccionar el ente certificante - 12. Procesos IRAM de solicitud y otorgamiento - 13. Situación y perspectiva del aseguramiento de la calidad en la Argentina |
| 590 ## - LOCAL NOTE (RLIN) | |
| Local note | niveau_biblio:m niveau_hierar:0 |
| 700 1# - ADDED ENTRY--PERSONAL NAME | |
| Personal name | Castañaga, Ricardo |
| 942 ## - ADDED ENTRY ELEMENTS (KOHA) | |
| Koha item type | |
| Withdrawn status | Lost status | Damaged status | Not for loan | Home library | Current library | Shelving location | Date acquired | Total checkouts | Full call number | Barcode | Date last seen | Price effective from | Koha item type |
|---|---|---|---|---|---|---|---|---|---|---|---|---|---|
| Biblioteca Prof. Eusebio Cleto del Rey | Biblioteca Prof. Eusebio Cleto del Rey | 07/04/2026 | 658.56 C346n | L85451 | 07/04/2026 | 07/04/2026 | Libro |